| 000 | 00533nam a2200193Ia 4500 | ||
|---|---|---|---|
| 999 |
_c1712 _d1712 |
||
| 003 | OSt | ||
| 005 | 20200925115238.0 | ||
| 008 | 190216s9999||||xx |||||||||||||| ||und|| | ||
| 020 | _a9788120311480 | ||
| 040 | _coclc | ||
| 082 |
_a574.5 _bKOR/C |
||
| 100 |
_aKormondy, Edward J _94999 |
||
| 245 | 0 |
_aConcepts Of Ecology / _cEdward J Kormondy |
|
| 250 | _a4th Ed. | ||
| 260 |
_bPrentice Hall India, _c2006. _aNew Delhi: |
||
| 300 | _a559p | ||
| 650 | _aBotany | ||
| 942 |
_cBK _2ddc _h574.5 _iKOR/C _k574.5 _mKOR/C |
||